000 00772nam a2200253Ia 4500
003 SMC
005 20160713085927.0
008 160319s9999 xx 000 0 und d
050 _aFIL KPM 863
050 _b.S83 1998 c.1
100 _aSuarez, Carlos B.
245 4 _aThe Law on sales, agency pledge and mortgages :
_bfor business students /
245 _cCarlos B. Suarez.
260 _aManila:
260 _bGIC Enterprises and Co,. Inc.,
260 _c1998
300 _a438 pages :
300 _billustrations ;
300 _c22 cm.
500 _aIncludes bibliographical references.
650 _aPrivate law -- Law and legislation -- Philippines.
650 _xAgency and quasi contracts -- Law and legislation -- Philippines.
942 _2lcc
_cBK
999 _c291542
_d291542